| 000 | 00352nam a2200145Ia 4500 | ||
|---|---|---|---|
| 008 | 150201s2011 xx 000 0 und d | ||
| 082 |
_a610.7 _bI11C |
||
| 100 | _aCHANDA, ESHITA | ||
| 245 | _aINTRODUCTION TO NURSING EDUCATION | ||
| 250 | _a1ST | ||
| 260 |
_bS. VIKAS & COM. _aDELHI _c2011 |
||
| 300 | _a279 | ||
| 650 | _aNURSING | ||
| 942 |
_2ddc _cBK _011 |
||
| 999 |
_c2219 _d2219 |
||